DEVSIS: Diseño preliminar de un sistema internacional de información para las ciencias del desarrollo

Furkejuvvon:
Bibliográfalaš dieđut
Searvvušdahkki: Centro Internacional de Investigaciones para el Desarrollo
Materiálatiipa: Texto
Almmustuhtton: Ottawa: CIID
Fáddágilkorat: Lasit fáddágilkoriid
Eai fáddágilkorat, Lasit vuosttaš fáddágilkora!

MARC

LEADER 00000 a a2200000 04500
001 22210
003
040 |a CRAI/IIS  |c CRAI/IIS 
090 |a 150600  
110 |a Centro Internacional de Investigaciones para el Desarrollo  
245 |a DEVSIS: Diseño preliminar de un sistema internacional de información para las ciencias del desarrollo  
260 |a Ottawa:   |b CIID  
300 |a 269 p.   |b **no definido**  
999 |c 17754  |d 17754